| 000 | 00895nam a2200217Ia 4500 | ||
|---|---|---|---|
| 003 | Ost | ||
| 005 | 20260507075121.0 | ||
| 008 | 260507s9999||||xx |||||||||||||| ||und|| | ||
| 040 | _cfsecg | ||
| 041 | _aara | ||
| 082 | _a346.062082 | ||
| 100 | _eمؤلف | ||
| 245 | 0 |
_aالجديد في أعمال المصارف من الوجهتين القانونية والإقتصادية : _bالجديد في التمويل المصرفي / |
|
| 260 |
_aبيروت: _bمنشورات الحلبي الحقوقية, _c2002 |
||
| 300 |
_a526 صفحة؛ _bإيضاحات ؛ _c25 سم |
||
| 520 | _aالتمويل التأجيري- شراء حقوق التجارية- الضمان المصرفي- مجالات جديدة للإئتمان المصرفي. | ||
| 653 | _aالبنوك- قوانين وتشريعات- مصر | ||
| 653 | _aالتمويل | ||
| 653 | _aالمصارف | ||
| 942 | _cكتاب | ||
| 999 |
_c43083 _d43083 |
||